000 00517nam a22001457a 4500
003 macl
005 20180422170941.0
008 180422b xxu||||| |||| 00| 0 eng d
040 _cmacl
100 _aप्रो. टी. वात्‍स्‍यायन
_972289
245 _aविज्ञान शिक्षण की आधुनिक विधियां
260 _aदिल्‍ली
_bलोक शिक्षा मंच
_c2013
650 _aविज्ञान
_972290
942 _2ddc
_cHIN
999 _c57903
_d57903